| 000 | 00382nam a22001337a 4500 | ||
|---|---|---|---|
| 082 |
_aCP39 _bCE-101 |
||
| 100 |
_aShahzad Ul Hassan Amir _948263 |
||
| 245 |
_aEngineering Mechanics _cShahzad Ul Hassan Amir |
||
| 250 | _aFall Semester 2014 | ||
| 260 |
_aRisalpur _bMCE _cFall Semester 2014 |
||
| 500 | _aOD-82/83 | ||
| 526 |
_a0 _b0 _c0 _dCP_000000000000000_39_CE101 |
||
| 942 |
_2ddc _cBKB |
||
| 999 |
_c553665 _d553665 |
||